Catálogo
 En Linea

Discurso pronunciado por el M. Y. canonigo M de J. Gonzalez : (Registro nro. 33619)

Detalles MARC
000 -CABECERA
campo de control de longitud fija 00469nam a2200133 a 4500
001 - NÚMERO DE CONTROL
campo de control 000034128
005 - FECHA Y HORA DE LA ÚLTIMA TRANSACCIÓN
campo de control 20200930070810.0
008 - DATOS DE LONGITUD FIJA--INFORMACIÓN GENERAL
campo de control de longitud fija 110926s1926 dr 000 0 spa d
040 ## - FUENTE DE LA CATALOGACIÓN
Centro catalogador/agencia de origen DO-SdBNP
Lengua de catalogación spa
Centro/agencia transcriptor BNPHU
082 ## - NÚMERO DE LA CLASIFICACIÓN DECIMAL DEWEY
Número de clasificación xxxx
Número de documento/Ítem D611
245 00 - MENCIÓN DE TÍTULO
Título Discurso pronunciado por el M. Y. canonigo M de J. Gonzalez :
Resto del título en la misa solemne del domingo 30 con motivo de la fiesta del día de las madres.
260 ## - PUBLICACIÓN, DISTRIBUCIÓN, ETC.
Lugar de publicación, distribución, etc. Santiago, :
Nombre del editor, distribuidor, etc. La información,
Fecha de publicación, distribución, etc. 1926.
300 ## - DESCRIPCIÓN FÍSICA
Extensión 20 p. ;
Dimensiones 22 cm.
Existencias
Estado de retiro Estado de pérdida Restricciones de uso No para préstamo Código de colección Localización permanente Ubicación/localización actual Ubicación en estantería Fecha de adquisición Número de inventario Total de préstamos Signatura topográfica completa Código de barras Fecha visto por última vez Precio válido a partir de Tipo de ítem Koha
      Excluido de préstamo Raros y valiosos Patrimonio Dominicano Patrimonio Dominicano En catalogación 26.09.2011 LF1   xxxx D611 34128-10 25.06.2020 25.06.2020 No se presta

Con tecnología Koha